000 00266nam a22001217a 4500
008 170602b xxu||||| |||| 00| 0 eng d
041 _aeng
080 _a93
100 _a17
101 _aSHH
245 _aFROM SARAJEVO TO POTSDAM
_cTAYLOR, A.J.P
942 _2udc
_cBK
999 _c15730
_d15730